One Piece - les 10 meilleurs de ... #2 - Statistiques

Statistiques générales
  • Ce quiz a été pris 166 fois
    96 depuis la dernière actualisation
  • Le résultat moyen est 23 sur 40
Statistiques - réponses
Hint Réponse % Correct
Femmes de One Piece Boa Hancock
99%
Femmes de One Piece Nami
99%
Femmes de One Piece Nico Robin
99%
Marines Monkey D. Garp
94%
Marines Sakazuki Akainu
93%
chapeaux Monkey D. Luffy
89%
Marines Borsalino Kizaru
88%
Marines Sengoku
88%
Marines Issho Fujitora
83%
Plus belles îles Pays de Wa
83%
Plus belles îles Dressrosa
78%
Femmes de One Piece Charlotte Linlin
74%
chapeaux Charlotte Linlin
74%
chapeaux Gol D. Roger
72%
Marines Koby
72%
Plus belles îles Archipel Sabaody
69%
Plus belles îles Amazon Lily
65%
Plus belles îles Skypiea
65%
Marines Smoker
65%
chapeaux Portgas D. Ace
63%
Femmes de One Piece Yamato
60%
chapeaux Sabo
58%
Plus belles îles Royaume de Drum
56%
Plus belles îles îles des hommes poissons
54%
Plus belles îles Enies Lobby
47%
chapeaux Trafalgar D. Water Law
46%
Marines Aramaki
44%
Femmes de One Piece Charotte Smoothie
44%
chapeaux Marshall D. Teach
40%
chapeaux Perona
38%
Femmes de One Piece Stussy
35%
Femmes de One Piece Black Maria
33%
chapeaux Tony Tony Chopper
33%
Femmes de One Piece Ulti
25%
Femmes de One Piece Catarina Devon
22%
Marines Sentomaru
15%
Marines X-Drake
15%
Plus belles îles Archipel Boing
14%
chapeaux Capone "gang" Bege
13%
Plus belles îles Kedétrav
10%
Aucun quiz correspondant
Distribution des résultats
% des personnes avec chaque résultat
Percentile par nombre de réponses
Votre historique - résultats
Vous n’avez pas pris ce quiz depuis la dernière actualisation